Snaha o maximalizáciu ziskov vládne aj v politike

James Buchanan, nositeľ Nobelovej ceny za rok 1986 za ekonómiu je zakladateľom novej vedeckej disciplíny medzi teórie verejnej voľby (Public Choice Theory). Táto teória pomáha pochopiť byrokratické procesy. Jeho osobnostný profil, osobné údaje, kariéra a najdôležitejšie diela.

Guardado en:
Detalles Bibliográficos
Autor principal: Ziesemer, Bernd
Formato: Capítulo de libro
Lenguaje:eslovaco
Materias:
Etiquetas: Agregar Etiqueta
Sin Etiquetas, Sea el primero en etiquetar este registro!

MARC

LEADER 00000naa$a2200000$$$4500
001 0018104
005 20231004124556.3
041 0 |a slo 
044 |a SK 
245 1 0 |a Snaha o maximalizáciu ziskov vládne aj v politike  |c aut. Bernd Ziesemer 
520 |a James Buchanan, nositeľ Nobelovej ceny za rok 1986 za ekonómiu je zakladateľom novej vedeckej disciplíny medzi teórie verejnej voľby (Public Choice Theory). Táto teória pomáha pochopiť byrokratické procesy. Jeho osobnostný profil, osobné údaje, kariéra a najdôležitejšie diela. 
610 2 0 |a Nobelova cena 
610 2 0 |a životopisy 
610 2 0 |a podnikatelia 
610 2 0 |a teória voľby verejnej 
610 2 0 |a politológia 
610 2 0 |a teórie politické 
610 2 0 |a byrokracia 
610 2 0 |a Buchanan, J. 
610 2 0 |a 1986 
100 1 |a Ziesemer, Bernd